000 00962nam a2200229 a 4500
001 13067
003 BD-JhCC
005 20230617113546.0
008 230616b2017 bg |||| ||a| 00| 0 ben d
020 _a9789849268253
035 _a(BD-JhCC)13067
040 _aBD-JhCC
_dBD-JhCC
041 _aBengali
082 _bBEN 2017
_a302.2
245 _aবেঙ্গল প্যাক্ট থেকে বঙ্গবন্ধুর ৭ই মার্চের ভাষণ :
_bবাংলাদেশের মুক্তিসংগ্রামের কয়েকটি গুরুত্বপূর্ণ দলিল /
_cসম্পা: আফজালুল বাসার।
260 _aঢাকা:
_bবাঙ্গালীর উন্নত ভবিষ্যৎ;
_c2017.
300 _a176 p. :
_c22 cm.
600 _a Rahaman, Shek Mujibur
650 _aSpeech
700 _aবাসার, আফজালুল
942 _2ddc
_cBK
999 _c13067
_d13067